Normal view
MARC view
- Stutts, Jane C.
Entry Personal Name
001 - CONTROL NUMBER
- control field: 22404
003 - CONTROL NUMBER IDENTIFIER
- control field: NUST
005 - DATE AND TIME OF LATEST TRANSACTION
- control field: 20191002125502.0
008 - FIXED-LENGTH DATA ELEMENTS
- fixed length control field: 191002|| aca||aabn | a|a d
040 ## - CATALOGING SOURCE
- Original cataloging agency: NUST
- Transcribing agency: NUST
100 ## - HEADING--PERSONAL NAME
- Personal name: Stutts, Jane C.
670 ## - SOURCE DATA FOUND
- Source citation: Work cat.: (NUST)0: Stutts, Jane C., Sleep deprivation countermeasures for motorist safety /, 2000.
